<?xml version="1.0" encoding="UTF-8"?>
<collection xmlns="http://www.loc.gov/MARC21/slim">
  <record>
    <leader>00000nam  2200000   4500</leader>
    <datafield tag="247" ind1="#" ind2="#">
      <subfield code="a"/>
    </datafield>
    <datafield tag="856" ind1="#" ind2="#">
      <subfield code="a"/>
    </datafield>
    <datafield tag="700" ind1=" " ind2="#">
      <subfield code="a"/>
    </datafield>
    <datafield tag="650" ind1=" " ind2="#">
      <subfield code="a">Pengintegrasian Data Pertanahan</subfield>
    </datafield>
    <datafield tag="520" ind1=" " ind2="#">
      <subfield code="a">Latar Belakang : 1) Peraturan Bersama Menteri Keuangan dan Menteri Dalam Negeri Nomor 15/PMK.07/2014 dan Nomor 10 Tahun 2014 tentang Tahapan Persiapan dan pelaksanaan pengalihan pajak bumi dan bangunanm perdesaan dan perkotaan sebagai pajak daerah, terhadap epralihan pajak bumi dan bangunan perdesaan dan perkotaan (PBB-P2) ke daerah. 2) Munculnya piutang pajak daerah dari sektor PBB-2, 3)Tumpang tindih data perpajakan daerah, 4) Kepala Bakeuda Pangkal Pinang perlu mengambil langkah merumuskan kebijakan strategis dalam penyelesaian permasalahan tumpang tindih data perpajakan.</subfield>
    </datafield>
    <datafield tag="321" ind1="#" ind2="#">
      <subfield code="a"/>
    </datafield>
    <datafield tag="310" ind1="#" ind2="#">
      <subfield code="a"/>
    </datafield>
    <datafield tag="300" ind1="#" ind2="#">
      <subfield code="a">50 hlm. :</subfield>
      <subfield code="b">ill. ;</subfield>
      <subfield code="c">30 cm</subfield>
      <subfield code="e"/>
    </datafield>
    <datafield tag="260" ind1="#" ind2="#">
      <subfield code="a">Jakarta :</subfield>
      <subfield code="b">Pusbangkom Pimnas dan Manajerial ASN. ;</subfield>
      <subfield code="c">2024</subfield>
    </datafield>
    <controlfield tag="001">$a INLIS000000000020854</controlfield>
    <datafield tag="245" ind1="#" ind2="#">
      <subfield code="a">Strategi Pengintegrasian Data Pertanahan dan Data Perpajakan Daerah Untuk Mewujudkan Pelayanan Publik Secara Simultan di Kota Pangkal Pinang</subfield>
      <subfield code="b"/>
      <subfield code="c">Muhammad Yasin</subfield>
    </datafield>
    <datafield tag="100" ind1=" " ind2="#">
      <subfield code="a">Muhammad Yasin</subfield>
    </datafield>
    <datafield tag="084" ind1="#" ind2="#">
      <subfield code="a">R 0022 PKN I 2024</subfield>
    </datafield>
    <datafield tag="082" ind1="#" ind2="#">
      <subfield code="a"/>
    </datafield>
    <datafield tag="035" ind1="#" ind2="#">
      <subfield code="a">0010-0426000011</subfield>
    </datafield>
    <datafield tag="020" ind1="#" ind2="#">
      <subfield code="a"/>
    </datafield>
    <controlfield tag="008">$a 260413################g##########0#ind##</controlfield>
    <controlfield tag="005">$a 20260413145147</controlfield>
  </record>
</collection>
